00297nam a2200121 a 4500008004100000020001500041050001500056100001500071245003100086260002600117300002300143350000900166120416s0000 ||||||||||||||||| || u a0582415764 aTA 330 Bir aBird, J. O10aStatistics for technicians aLondonbLongmanc1981 aviii, 124p. : ill. a0.00